| 000 | 00353pab a2200145 454500 | ||
|---|---|---|---|
| 008 | 180718b1986 xxu||||| |||| 00| 0 eng d | ||
| 100 | _aParker, David | ||
| 245 |
_aTechnology dynamics _bThe UK clothing sector |
||
| 260 | _c1986 | ||
| 300 | _a14-17 | ||
| 362 | _aMar. | ||
| 650 | _aTechnology - U.K. | ||
| 773 | _aManagement Services | ||
| 909 | _a19183 | ||
| 999 |
_c19183 _d19183 |
||